00806cam a2200229 a 450000500170000000800410001701500080005802000180006602000150008404000500009904100080014910000250015724501070018226000790028930000210036850400530038965000260044265000370046865000390050565000080054470000240055220150707153941.0150707t 1993xxu fr 001 0 eng d aNNN a9780664253844 a0664253849 aCO-BoUCMbspacJose A. GerenadJose A. Gerena0 aeng1 aPannenberg, Wolfhart10aToward a theology of naturebessays on science and faithcWolfhart Pannenberg ; editado por Ted Peters aLouisville (Kentucky, Estados Unidos)bWestminster / John Knox Pressc1993 ax, 166 páginas aIncluye referencias bibliográficas e índices 7aReligión y ciencia  7aNaturaleza xAspectos religiosos 7aCreacionismo xAspectos religiosos 7aFe 1 aPeters, Tedeeditor